Proceedings of the forty-seventh annual session he (Record no. 697891)

MARC details
000 -LEADER
fixed length control field 00705nam a2200241Ia 4500
003 - CONTROL NUMBER IDENTIFIER
control field OSt
005 - DATE AND TIME OF LATEST TRANSACTION
control field 20220927110758.0
008 - FIXED-LENGTH DATA ELEMENTS--GENERAL INFORMATION
fixed length control field 220926b |||||||| |||| 00| 0 eng d
037 ## - SOURCE OF ACQUISITION
Terms of availability Reports
040 ## - CATALOGING SOURCE
Original cataloging agency RTL
Transcribing agency RTL
Language of cataloging eng
041 ## - LANGUAGE CODE
Source of code eng
Language code of text/sound track or separate title eng
111 ## - MAIN ENTRY--MEETING NAME
Meeting name or jurisdiction name as entry element Federation of Indian Chambers of Commerce and Industry (New Delhi India)
9 (RLIN) 380239
245 #0 - TITLE STATEMENT
Title Proceedings of the forty-seventh annual session he
260 ## - PUBLICATION, DISTRIBUTION, ETC.
Place of publication, distribution, etc. New
Name of publisher, distributor, etc. Delhi Federation House India
Date of publication, distribution, etc. 1974
300 ## - PHYSICAL DESCRIPTION
Extent 122p.
Dimensions cm.
650 ## - SUBJECT ADDED ENTRY--TOPICAL TERM
Topical term or geographic name entry element Industrial Economics
942 ## - ADDED ENTRY ELEMENTS (KOHA)
Classification part "X9.2,hN27, L4"
Koha item type
Holdings
Withdrawn status Lost status Damaged status Not for loan Home library Current library Date acquired Total Checkouts Full call number Barcode Date last seen Price effective from Koha item type
        Ratan Tata Library Ratan Tata Library 2022-09-27   "X9.2,hN27 L4" RT0418086 2022-09-27 2022-09-27  
Copyright @ Delhi University Library System